[Event "ch-BEL"]
[Site "Eupen BEL"]
[Date "2008.07.07"]
[Round "3"]
[White "Le Quang,K"]
[Black "Meessen,R"]
[Result "1-0"]
[WhiteElo "2273"]
[BlackElo "2287"]

1.e4 e6 2.d4 d5 3.Nd2 Be7 4.e5 c5 5.Qg4 g6 6.Ndf3 cxd4 7.Nxd4 Nc6 8.Ngf3 h5
9.Qg3 Nh6 10.Bxh6 Rxh6 11.h4 Qa5+ 12.c3 Nxd4 13.Nxd4 Bd7 14.Bd3 O-O-O 15.O-O Kb8
16.a4 Rg8 17.Nb5 Bxb5 18.axb5 Qb6 19.Ra4 Rhh8 20.Rfa1 g5 21.Rxa7 Qxa7 22.Rxa7 Kxa7
23.Qe3+ b6 24.Qd4 Kb7 25.c4 Bc5 26.Qc3 Rc8 27.b4 Be7 28.Qd2 gxh4 29.cxd5 exd5
30.Bf5 Rcd8 31.Qa2 Rh6 32.Qa6+ Kb8 33.e6 Bxb4 34.Qxb6+ Ka8 35.Qxd8+  1-0

[Event "ch-BEL"]
[Site "Eupen BEL"]
[Date "2008.07.07"]
[Round "3"]
[White "Dgebuadze,A"]
[Black "Hovhanisian,M"]
[Result "1-0"]
[WhiteElo "2562"]
[BlackElo "2458"]

1.e4 e6 2.d4 d5 3.Nd2 a6 4.Ngf3 c5 5.dxc5 Bxc5 6.Bd3 Nf6 7.O-O Nc6 8.a3 dxe4
9.Nxe4 Nxe4 10.Bxe4 Qxd1 11.Rxd1 f6 12.b4 Bb6 13.c4 e5 14.Bb2 Ke7 15.a4 Nxb4
16.a5 Bc5 17.Ba3 f5 18.Bd5 Kf6 19.Bb2 Re8 20.Nxe5 Rxe5 21.Rd2 Bd7 22.Bxb7 Bc6
23.Bxe5+ Kxe5 24.Bxc6 Rb8 25.Bf3 g5 26.h3 Kf4 27.Re1 h5 28.Bxh5 g4 29.hxg4 fxg4
30.g3+ Kf5  1-0

[Event "5th Sth Wales Int"]
[Site "Trefforst WLS"]
[Date "2008.07.07"]
[Round "4"]
[White "Haslinger,S"]
[Black "Cobb,J"]
[Result "1-0"]
[WhiteElo "2511"]
[BlackElo "2432"]

1.e4 e6 2.d4 d5 3.Nd2 a6 4.Ngf3 Nf6 5.e5 Nfd7 6.Bd3 c5 7.c3 Nc6 8.O-O Be7
9.Bc2 Qb6 10.Nb3 cxd4 11.cxd4 a5 12.Be3 Nb4 13.Bb1 a4 14.Nc1 Qd8 15.Nd3 Nxd3
16.Bxd3 Nb6 17.Nd2 Bd7 18.f4 Rc8 19.Qe2 Rc7 20.g4 h5 21.gxh5 Nc4 22.Nxc4 dxc4
23.Bxc4 Rxc4 24.Qxc4 Bc6 25.Rac1 Rxh5 26.Qe2 g6 27.Rxc6 bxc6 28.Qa6 Kf8 29.Qxc6 Qb8
30.Qg2 Qb5 31.Rd1 Qc4 32.a3 Rh4 33.Re1 Qd3 34.Qe2 Qf5 35.Rf1 Kg7 36.Rf3 Qg4+
37.Qg2 Qh5 38.h3 Qf5 39.Kh2 Rh8 40.Bd2 Rd8 41.Bc3 Rc8 42.Qe2 Qb1 43.f5 exf5
44.d5 Bc5 45.Rf1 Qa2 46.Qa6 Rb8 47.Qf6+ Kg8 48.e6 Bd6+ 49.Kg1 Bc5+ 50.Rf2 Qb1+
51.Kh2 Bd6+ 52.Be5 Bxe5+ 53.Qxe5 Rc8 54.Qf6 Rf8 55.Rg2 f4 56.exf7+ Kh7 57.Qxf4 Qd3
58.d6 Kg7 59.Rf2 Kh7 60.Qh4+ Kg7 61.Qf6+ Kh7 62.Rg2 Qe4 63.d7 Qd3 64.d8=Q  1-0

[Event "FSGM July"]
[Site "Budapest HUN"]
[Date "2008.07.08"]
[Round "4"]
[White "Mas,H"]
[Black "Toth,E"]
[Result "1-0"]
[WhiteElo "2386"]
[BlackElo "2409"]

1.e4 e6 2.d4 d5 3.Nd2 Be7 4.Ngf3 Nf6 5.e5 Nfd7 6.Bd3 c5 7.c3 Nc6 8.O-O g5
9.dxc5 Ndxe5 10.Nxe5 Nxe5 11.Nb3 Nxd3 12.Qxd3 e5 13.Qe2 Qc7 14.Re1 e4 15.Qh5 h6
16.h4 Qe5 17.Be3 Rg8 18.f4 Qg7 19.Bd4 Qg6 20.Qxg6 Rxg6 21.fxg5 hxg5 22.c4 dxc4
23.h5 Rh6 24.Na5 Be6 25.Nxb7 Bd5 26.Nd6+ Bxd6 27.cxd6 Rxh5 28.Rad1 g4 29.Kf2 g3+
30.Kxg3 Kd7 31.Kg4 Rh6 32.Kf4 Rg6 33.g4 Kxd6 34.g5 Ke6 35.Re3 Rb8 36.Ra3 Rb7
37.Ra6+ Kd7 38.Bf6  1-0

[Event "Maestro Open"]
[Site "Berdsk RUS"]
[Date "2008.07.09"]
[Round "2"]
[White "Sukhorukov,Ana"]
[Black "Pakhomov,E"]
[Result "0-1"]
[WhiteElo "2023"]
[BlackElo "2184"]

1.e4 e6 2.d4 d5 3.Nd2 a6 4.Ngf3 c5 5.dxc5 Bxc5 6.Nb3 Ba7 7.exd5 exd5 8.c4 Nf6
9.Bg5 O-O 10.cxd5 Bxf2+ 11.Kxf2 Ne4+ 12.Kg1 Nxg5 13.Qd2 Nxf3+ 14.gxf3 Qf6
15.Qf2 Nd7 16.Bg2 Ne5 17.Rd1 Ng6 18.h4 Nf4 19.Kh2 Bf5 20.Qg3 Ne2 21.Qg5 Qd6+
22.f4 Nxf4 23.Qg3 Rad8 24.Rhf1 Nxg2 25.Qxd6 Rxd6 26.Kxg2 Rxd5 27.Rxd5 Be4+
28.Kf2 Bxd5 29.Rd1 Bxb3 30.axb3 g6 31.Rd7 Rb8 32.Kf3 Kg7 33.Kg4 Kf6 34.Rd6+ Ke5  0-1

[Event "ch-IRL"]
[Site "Dublin IRL"]
[Date "2008.07.09"]
[Round "5"]
[White "Weeks,Ma"]
[Black "Redmond,J"]
[Result "1/2-1/2"]
[WhiteElo "2174"]
[BlackElo "2188"]

1.d4 e6 2.e4 d5 3.Nd2 Nc6 4.Ngf3 Nf6 5.e5 Nd7 6.Bb5 Be7 7.O-O a5 8.Re1 Na7
9.Bd3 c5 10.c3 c4 11.Bc2 b5 12.Nf1 Nb6 13.h4 h6 14.Ng3 Kd7 15.Nh5 Bf8 16.b3 Kc7
17.Be3 Bd7 18.Rb1 Rb8 19.g3 Rb7 20.Nd2 Kb8 21.Qg4 g6 22.Nf6 Bc6 23.Qf4 Ka8
24.Bd1 b4 25.Rc1 bxc3 26.Rxc3 Nb5 27.Rc2 Bb4 28.Be2 Na3 29.Rcc1 Bb5 30.bxc4 Bxc4
31.Nxc4 Nbxc4 32.Rf1 h5 33.Kg2 Qc7 34.Rfd1 Qb8 35.Bf3 Qd8 36.Rd3 a4 37.Rdd1 Nb2
38.Rc6 Nxd1 39.Bxd1 Nc4 40.Bxa4 Rc7 41.Qf3 Nxe3+  1/2-1/2

[Event "XXIII Tadeusz Gniota Mem"]
[Site "Police POL"]
[Date "2008.07.09"]
[Round "1"]
[White "Chojnacki,K"]
[Black "Zschaebitz,K"]
[Result "1-0"]
[WhiteElo "2416"]
[BlackElo "2103"]

1.e4 e6 2.d4 d5 3.Nd2 a6 4.Ngf3 c5 5.exd5 exd5 6.Be2 Nf6 7.O-O Be7 8.dxc5 Bxc5
9.Nb3 Ba7 10.Nfd4 O-O 11.Be3 Nc6 12.Nxc6 bxc6 13.Bxa7 Rxa7 14.Qd4 Ra8 15.Bd3 Qd6
16.Rfe1 Ng4 17.g3 Qh6 18.h4 f6 19.Be2 Ne5 20.f4 Qg6 21.Kg2 Nf7 22.c4 Nd6
23.h5 Qf7 24.cxd5 cxd5 25.Bf3 Ne4 26.Rac1 Qe6 27.g4 f5 28.Rc7 Qf6 29.g5 Qxd4
30.Nxd4 Rf7 31.Rec1 Bd7 32.g6 hxg6 33.hxg6 Re7 34.Nxf5 Kf8 35.Nxe7 Kxe7 36.Bxe4 dxe4
37.Rd1 Rd8 38.f5  1-0

[Event "60th ch-MNE"]
[Site "Cetinje MNE"]
[Date "2008.07.10"]
[Round "4"]
[White "Mijovic,S"]
[Black "Drasko,M"]
[Result "1/2-1/2"]
[WhiteElo "2289"]
[BlackElo "2508"]

1.e4 e6 2.d4 d5 3.Nd2 Be7 4.Ngf3 Nf6 5.Bd3 c5 6.exd5 Qxd5 7.dxc5 Nbd7 8.Nb3 Nxc5
9.Nxc5 Qxc5 10.O-O O-O 11.Be3 Qc7 12.Bd4 b6 13.Qe2 Bb7 14.Rfe1 Rad8 15.c3 Nd7
16.Be4 Bxe4 17.Qxe4 Bf6 18.Bxf6 Nxf6 19.Qe2 Rd5 20.Rad1 Rfd8 21.Rxd5 Rxd5  1/2-1/2

[Event "5th Sth Wales Int"]
[Site "Trefforst WLS"]
[Date "2008.07.10"]
[Round "8"]
[White "Eggleston,D"]
[Black "Cobb,J"]
[Result "1/2-1/2"]
[WhiteElo "2372"]
[BlackElo "2432"]

1.e4 e6 2.d4 d5 3.Nd2 Be7 4.e5 c5 5.Qg4 Kf8 6.dxc5 Nc6 7.Qg3 Bxc5 8.Ngf3 Nb4
9.Bd3 Ne7 10.O-O Nxd3 11.cxd3 Nf5 12.Qf4 h6 13.Nb3 Be7 14.Nfd4 Nh4 15.Qg4 Bd7
16.Bd2 Kg8 17.Rac1 Rc8 18.Rxc8 Bxc8 19.Rc1 Bd7 20.Nc5 Kh7 21.Nxb7 Qb6 22.Na5  1/2-1/2

[Event "2nd LCT"]
[Site "Leiden NED"]
[Date "2008.07.14"]
[Round "4"]
[White "Van der Wiel,J"]
[Black "Wilschut,P"]
[Result "1-0"]
[WhiteElo "2504"]
[BlackElo "2177"]

1.e4 e6 2.d4 d5 3.Nd2 Nc6 4.Ngf3 Nf6 5.e5 Nd7 6.Be2 f6 7.exf6 Qxf6 8.Nf1 Bd6
9.Ne3 O-O 10.O-O Qg6 11.c3 Nf6 12.Nh4 Qe8 13.f4 Ne7 14.g3 c5 15.Nf3 Bd7 16.a4 c4
17.Ne5 Bxe5 18.fxe5 Ne4 19.Rxf8+ Qxf8 20.Bf3 Ng5 21.Bg2 Nf7 22.b3 cxb3 23.Qxb3 Bc6
24.Ba3 Qe8 25.a5 Qd7 26.Rf1 Nh6 27.Qb4 Ng6 28.h4 Re8 29.Bh3 a6 30.Rf2 Bb5
31.c4 Bxc4 32.Nxc4 dxc4 33.Qxc4 Nf7 34.Bc5 Nd8 35.Qf1 Nf7 36.Kh2 Ngh8 37.Qb1 Nd8
38.Rb2 Qa4 39.Ra2 Qc4 40.Bf1 Qd5 41.Rb2 Nhf7 42.Bg2 Qc4 43.Be4 g6 44.Qc2 Qxc2+
45.Bxc2 Nc6 46.Rxb7 Ncxe5 47.dxe5 Rc8 48.Bb3 Nd8 49.Bb6  1-0

[Event "Heart of Finland"]
[Site "Jyvaskyla FIN"]
[Date "2008.07.15"]
[Round "6"]
[White "Kosmo,S"]
[Black "Eloranta,K"]
[Result "1-0"]
[WhiteElo "2276"]
[BlackElo "2028"]

1.e4 e6 2.d4 d5 3.Nd2 Be7 4.Ngf3 Nf6 5.e5 Nfd7 6.Bd3 c5 7.c3 Nc6 8.O-O a5
9.Re1 g5 10.dxc5 g4 11.Nd4 Ncxe5 12.Bb5 Bxc5 13.Rxe5  1-0

[Event "XXIII Tadeusz Gniota Mem"]
[Site "Police POL"]
[Date "2008.07.16"]
[Round "9"]
[White "Blom,M"]
[Black "Zschaebitz,K"]
[Result "1/2-1/2"]
[WhiteElo "2016"]
[BlackElo "2103"]

1.e4 e6 2.d4 d5 3.Nd2 a6 4.Ngf3 c5 5.exd5 exd5 6.Be2 Nc6 7.O-O cxd4 8.Nb3 Be7
9.Nbxd4 Nf6 10.c3 O-O 11.Qc2 Bg4 12.Be3  1/2-1/2

[Event "8th Open"]
[Site "Saint-Chely d'Aubrac FRA"]
[Date "2008.07.16"]
[Round "6"]
[White "Muller,Ann"]
[Black "Nass,E"]
[Result "1/2-1/2"]
[WhiteElo "2179"]
[BlackElo "2105"]

1.e4 e6 2.d4 d5 3.Nd2 Be7 4.Bd3 c5 5.dxc5 Bxc5 6.Ngf3 Nf6 7.Qe2 Nc6 8.a3 a6
9.O-O Qc7 10.e5 Nd7 11.Nb3 Be7 12.Bf4 h6 13.Bg3 g5 14.Rfe1 Nb6 15.Nfd4 Nxd4
16.Nxd4 Nc4 17.c3 Bd7 18.b3 Na5 19.Rec1 b5 20.f4 Nc6 21.f5 Qb6 22.fxe6 Bxe6
23.Bf2 Bc5 24.Nxc6 Qxc6 25.Bd4 Qb6 26.Qf2 Bxd4 27.Qxd4 Qxd4+ 28.cxd4 O-O
29.Rc5 Rfc8 30.Rac1 Rxc5 31.Rxc5 Rc8 32.Rxc8+ Bxc8 33.b4 f6 34.Kf2 Kf7 35.Ke3 Ke7
36.Bc2 Bd7 37.Bb3 Bc6 38.g3 Kf7 39.Bd1 Bd7 40.Bf3 Be6 41.Bh5+ Ke7 42.exf6+ Kxf6
43.Be8 Ke7 44.Bh5 Kf6 45.Bd1 Bd7 46.Bb3 Ke6 47.Kf3 Kd6 48.Bc2 Ke7 49.h4 Kd6
50.Bg6 Ke7 51.Ke3 Kf6 52.Bh5 Ke7 53.Kf3 Kf6  1/2-1/2

[Event "Ch-AY Boys U16"]
[Site "Tehran IRI"]
[Date "2008.07.17"]
[Round "3"]
[White "Rahimov,R"]
[Black "Salehian,Si"]
[Result "1-0"]
[WhiteElo "2218"]
[BlackElo "2079"]

1.e4 e6 2.d4 d5 3.Nd2 Be7 4.e5 c5 5.Qg4 Kf8 6.dxc5 Nc6 7.Ngf3 f6 8.Qg3 Nh6
9.Bd3 Nf7 10.exf6 gxf6 11.Nb3 e5 12.Bb5 f5 13.h4 Bf6 14.c3 Qc7 15.Ng5 h6
16.Nxf7 Qxf7 17.f4 Bd7 18.Bxc6 Bxc6 19.fxe5 Re8 20.Bf4 Rg8 21.Bxh6+ Bg7 22.Qf4 Qh5
23.Bxg7+ Kxg7 24.O-O d4 25.Qxf5  1-0

[Event "Aegean Open"]
[Site "Aghios Kirykos GRE"]
[Date "2008.07.19"]
[Round "8"]
[White "Brinck Claussen,B"]
[Black "Savoglou,N"]
[Result "1/2-1/2"]
[WhiteElo "2296"]
[BlackElo "2023"]

1.e4 e6 2.d4 d5 3.Nd2 Nc6 4.Ngf3 Nf6 5.e5 Nd7 6.c3 f6 7.Bb5 fxe5 8.dxe5 Be7
9.O-O O-O 10.Bxc6 bxc6 11.Qa4 c5 12.Qg4 Rf5 13.Re1 Qe8 14.Nf1 Qg6 15.Qxg6 hxg6
16.Ng3 Rf7 17.Bg5 Rxf3 18.Bxe7 Rf7 19.Bd8 Nb6 20.Rad1 Ba6 21.Bg5 Na4 22.Bc1  1/2-1/2

[Event "XXVI Andorra Open"]
[Site "La Massana AND"]
[Date "2008.07.19"]
[Round "1"]
[White "Fluvia Poyatos,Jor"]
[Black "Casas Mor,C"]
[Result "1-0"]
[WhiteElo "2500"]
[BlackElo "2038"]

1.e4 e6 2.d4 d5 3.Nd2 Be7 4.c3 c5 5.dxc5 dxe4 6.Nxe4 Qxd1+ 7.Kxd1 Nf6 8.Nxf6+ Bxf6
9.Be3 Nd7 10.Nf3 O-O 11.Bb5 Rd8 12.Ke2 a6 13.Ba4 Nf8 14.Nd2 Bd7 15.Bxd7 Nxd7
16.Ne4 Rac8 17.Rhd1 Be7 18.b4 Ne5 19.Rxd8+ Rxd8 20.Rd1 Rxd1 21.Kxd1 Nc4 22.Nd2 Ne5
23.f4 Ng4 24.Nc4 Bd8 25.Bd4 Bc7 26.h3 Nf6 27.Bxf6 gxf6 28.Nd6 Kf8 29.Nxb7 Bxf4
30.c6 Ke7 31.c4 e5 32.b5 axb5 33.cxb5 Be3 34.a4 e4 35.Ke2 Bd4 36.a5 f5 37.b6  1-0

[Event "2nd LCT"]
[Site "Leiden NED"]
[Date "2008.07.19"]
[Round "8"]
[White "Critelli,J"]
[Black "Wilschut,P"]
[Result "1-0"]
[WhiteElo "2296"]
[BlackElo "2177"]

1.e4 e6 2.d4 d5 3.Nd2 Nc6 4.Ngf3 Nf6 5.e5 Nd7 6.Bb5 a6 7.Bxc6 bxc6 8.c4 dxc4
9.Nxc4 Nb6 10.Na5 Qd5 11.Bd2 g5 12.Nxg5 Qxd4 13.O-O h6 14.Nf3 Qd5 15.Qc2 c5
16.Rfd1 c4 17.Bg5 hxg5 18.Rxd5 exd5 19.Nxg5 Be7 20.Nh7 Be6 21.Nc6 Bc5 22.Nf6+ Kf8
23.Rd1 Rh4 24.Qd2 Rh8 25.Qg5 a5 26.Nh5 Ke8 27.Nf6+ Kf8 28.h4 a4 29.h5 Nd7
30.h6 Nxf6 31.Qg7+ Ke8 32.Qxh8+  1-0

[Event "Kings Gambit B"]
[Site "Lipetsk RUS"]
[Date "2008.07.19"]
[Round "11"]
[White "Venevtsev,A"]
[Black "Airapetian,G"]
[Result "1/2-1/2"]
[WhiteElo "2237"]
[BlackElo "2351"]

1.e4 e6 2.d4 d5 3.Nd2 Be7 4.Bd3 c5 5.dxc5 Nf6 6.exd5 Qxd5 7.Ngf3 Nbd7 8.b4 a5
9.Bc4 Qh5 10.c3 Nd5 11.Bxd5 Qxd5 12.Qb3 Bf6 13.Rb1 axb4 14.cxb4 Qxb3 15.Rxb3 Rxa2
16.Ne4 Ke7 17.O-O Ne5 18.Nxf6 Nxf3+ 19.Rxf3 gxf6 20.Re1 e5 21.Ra3 Rxa3 22.Bxa3 Rd8
23.f4 Ke6 24.Bb2 Rd5 25.g4 Bd7 26.Kf2 Bb5 27.Bc3 Ba4 28.Re3 Bd1 29.Kg3 Bc2
30.Kf2 Bd1 31.Kg3 h5 32.h3 hxg4 33.hxg4 Ba4 34.Kf2 Bc2 35.Kg3 e4 36.f5+ Ke7
37.Kf4 Rd1 38.Re1 Rxe1  1/2-1/2

[Event "19th Czech Chladek & Tintera A Open"]
[Site "Pardubice CZE"]
[Date "2008.07.19"]
[Round "2"]
[White "Vrana,J"]
[Black "Vavrak,P"]
[Result "0-1"]
[WhiteElo "2234"]
[BlackElo "2474"]

1.e4 e6 2.d4 d5 3.Nd2 Be7 4.Bd3 c5 5.dxc5 Nf6 6.Qe2 O-O 7.Ngf3 a5 8.O-O Na6
9.exd5 exd5 10.Bb5 Nxc5 11.Rd1 Bg4 12.Nf1 Qb6 13.a4 Ne6 14.c3 Bc5 15.h3 Bh5
16.Ng3 Bg6 17.Ne5 d4 18.Nxg6 hxg6 19.Qf3 dxc3 20.bxc3 Rad8 21.Rxd8 Rxd8 22.Bc4 Qd6
23.Be3 Bxe3 24.Qxe3 Nc5 25.Bb5 Nd5 26.Qf3 Qf4 27.Qxf4 Nxf4 28.Nf1 Ne4 29.Rc1 Rc8
30.Re1 Nxc3 31.Re7 Nxb5 32.axb5 Rb8 33.Ne3 Kf8 34.Rc7 Ne6 35.Rc4 Ke7 36.Nd5+ Kd6
37.Nb6 Nc7 38.Kf1 Nxb5 39.Ke2 Na7 40.Rf4 Re8+ 41.Kd2 Rd8 42.Kc2 Ke7 43.Kc3 Nc6
44.Kc4 f5 45.Kc5 Rd2 46.Nc4 Rc2 47.Kd5 g5  0-1

[Event "17th ch-MKD"]
[Site "Struga MKD"]
[Date "2008.07.19"]
[Round "6"]
[White "Veleski,R"]
[Black "Jacimovic,D"]
[Result "0-1"]
[WhiteElo "2248"]
[BlackElo "2417"]

1.e4 e6 2.d4 d5 3.Nd2 Be7 4.Ngf3 Nf6 5.e5 Nfd7 6.Bd3 c5 7.c3 Nc6 8.O-O a5
9.c4 cxd4 10.cxd5 exd5 11.Re1 Nc5 12.Nb3 Ne6 13.Bb5 Qb6 14.Nbxd4 Nxd4 15.Nxd4 O-O
16.Nxc6 bxc6 17.Bd3 c5 18.Qh5 g6 19.Qh6 c4 20.Bc2 Re8 21.Ba4 Qb4 22.Bd2 Qxa4
23.e6 Bxe6 24.Bc3 Bf8 25.Qf4 Bg7  0-1

[Event "41st Festival Delance Cup"]
[Site "Biel SUI"]
[Date "2008.07.20"]
[Round "1"]
[White "Seps,M"]
[Black "Tairova,E"]
[Result "1/2-1/2"]
[WhiteElo "2224"]
[BlackElo "2417"]

1.e4 e6 2.d4 d5 3.Nd2 Be7 4.Ngf3 Nf6 5.e5 Nfd7 6.Bd3 c5 7.c3 Nc6 8.O-O a5
9.Re1 g5 10.dxc5 Nxc5 11.Bc2 Nd7 12.Ba4 Nb6 13.Bxc6+ bxc6 14.Nd4 Bd7 15.Qh5 c5
16.Nc2 h6 17.Ne3 Bb5 18.c4 dxc4 19.Ne4 Qd3 20.Qf3 Qd8 21.Bd2 Qc7 22.Nf6+ Kf8
23.Neg4 Bc6 24.Qh3 Bxf6 25.exf6 Ke8 26.Bxg5 Nd5 27.Qh5 Qd6 28.Nxh6 Rh7 29.Qg4 Kd7
30.Rad1 Rah8 31.Bf4 Qf8 32.Nf5 Rg8 33.Ng7 Kc8 34.Rxd5 Bxd5 35.f3 Rhxg7 36.fxg7 Rxg7
37.Qh5 Qg8 38.Re2 f6 39.Bg3 Rb7 40.Qh6 Qd8 41.Bh4 Rf7 42.Qe3 Qb6 43.Rd2 Kb7
44.Qc3 f5  1/2-1/2

[Event "Politiken Cup"]
[Site "Helsingor DEN"]
[Date "2008.07.20"]
[Round "3"]
[White "Nielsen,Las"]
[Black "Gajic,Ml"]
[Result "0-1"]
[WhiteElo "1888"]
[BlackElo "2135"]

1.e4 e6 2.d4 d5 3.Nd2 Be7 4.Bd3 c5 5.exd5 Qxd5 6.Ngf3 cxd4 7.Qe2 Nf6 8.Bc4 Qd6
9.Nb3 Nc6 10.Bb5 O-O 11.Bxc6 bxc6 12.Nbxd4 c5 13.Nb5 Qc6 14.c4 Bb7 15.Nc3 Rfd8
16.Nd1 Rd4 17.Ne3 Rad8 18.Bd2 Qc7 19.Nxd4 cxd4 20.Ng4 d3 21.Nxf6+ Bxf6 22.Qg4 Rd4
23.Qg3 Be5 24.f4 Bxf4 25.Bxf4 Rxf4 26.O-O-O Qxc4+ 27.Kb1 Bd5 28.b3 Qc2+ 29.Ka1 Qc3+
30.Kb1 Bxb3  0-1

[Event "Canadian Open"]
[Site "Montreal CAN"]
[Date "2008.07.21"]
[Round "3"]
[White "Venkatesh,M"]
[Black "Thavandiran,S"]
[Result "1-0"]
[WhiteElo "2462"]
[BlackElo "2288"]

1.e4 e6 2.d4 d5 3.Nd2 Nc6 4.Ngf3 Nf6 5.e5 Nd7 6.c3 f6 7.exf6 Qxf6 8.Bb5 Bd6
9.Nf1 e5 10.Be3 e4 11.N3d2 Ne7 12.Qb3 Qg6 13.O-O-O O-O 14.Be2 c6 15.g4 Bf4
16.f3 exf3 17.Bxf3 Qh6 18.Re1 Ng6 19.h4 Bxe3 20.Nxe3 Nf4 21.Be4 Kh8 22.Bb1 Nb6
23.Qb4 Be6 24.Rhf1 Nc4 25.Ndxc4 dxc4 26.Qd6 Qxh4 27.Nf5 Nd3+ 28.Bxd3 Qg5+
29.Kb1 cxd3 30.Qxe6 d2 31.Rd1 Rae8 32.Nd6  1-0

[Event "17th ch-MKD"]
[Site "Struga MKD"]
[Date "2008.07.21"]
[Round "8"]
[White "Stanojoski,Z"]
[Black "Jacimovic,D"]
[Result "0-1"]
[WhiteElo "2514"]
[BlackElo "2417"]

1.e4 e6 2.d4 d5 3.Nd2 Be7 4.Ngf3 Nf6 5.Bd3 c5 6.dxc5 dxe4 7.Bxe4 Bxc5 8.Qe2 Nbd7
9.Bd3 Qc7 10.Nb3 b6 11.Nxc5 Nxc5 12.Bb5+ Bd7 13.Ne5 Bxb5 14.Qxb5+ Ncd7 15.Bf4 Qc5
16.Qxc5 Nxc5 17.O-O-O Rc8 18.Nc4 Nce4 19.Rd4 b5 20.Nd6+ Nxd6 21.Bxd6 Nd5
22.Rg4 Rc6 23.Be5 f6 24.Bd4 Kf7 25.Kb1 Rhc8 26.Rc1 a6 27.f3 e5 28.Bc3 h5
29.Rg3 Nxc3+ 30.bxc3 Rxc3 31.Rd1 g5 32.Rd2 R8c4 33.Kb2 b4 34.Rf2 Rf4 35.Rh3 h4
36.Rd2 Kg6 37.Rd6 a5 38.Rd8 Rfc4 39.Rd2 a4 40.Rf2 Rf4 41.Rd2 Rfc4 42.Rf2 a3+
43.Kb1 Re3  0-1

[Event "41st Festival MTO"]
[Site "Biel SUI"]
[Date "2008.07.22"]
[Round "2"]
[White "Kim,Alex"]
[Black "Penzel,N"]
[Result "1-0"]
[WhiteElo "2460"]
[BlackElo "2084"]

1.e4 e6 2.d4 d5 3.Nd2 Nc6 4.exd5 Nxd4 5.c3 Nf5 6.Bb5+ Bd7 7.dxe6 fxe6 8.Qe2 Be7
9.Ngf3 c6 10.Bc4 Nf6 11.Bxe6 Qc7 12.Nb3 O-O-O 13.Bxd7+ Qxd7 14.O-O Rhe8 15.Bg5 h6
16.Bxf6 Bxf6 17.Qc2 Nd6 18.Rad1 Qf7 19.Rfe1 g5 20.Rxe8 Qxe8 21.Nfd4 Be5 22.Qe2 h5
23.Re1 Bxd4 24.Nxd4 Qxe2 25.Rxe2 Nc4 26.h3 c5 27.Ne6 Rd1+ 28.Kh2 Nd2 29.g4  1-0

[Event "XXVI Andorra Open"]
[Site "La Massana AND"]
[Date "2008.07.22"]
[Round "4"]
[White "Arizmendi Martinez,J"]
[Black "Fernandez Barrera,V"]
[Result "1/2-1/2"]
[WhiteElo "2524"]
[BlackElo "2319"]

1.e4 e6 2.d4 d5 3.Nd2 Be7 4.Bd3 c5 5.dxc5 Bxc5 6.Ngf3 Nf6 7.Qe2 Nc6 8.c3 d4
9.Nb3 dxc3 10.Nxc5 cxb2 11.Bxb2 Qa5+ 12.Qd2 Qxc5 13.a4 Qa5 14.Ba3 Qh5 15.Rb1 a6
16.Bb4 Nxb4 17.Qxb4 b6 18.Qxb6 O-O 19.O-O e5 20.Rfc1 Bg4 21.Ne1 Be2 22.f3 Bxd3
23.Nxd3 Rfd8 24.Rd1 Qg5 25.Nb4 Rdb8 26.Qf2 Nh5 27.Nc6 Nf4 28.h4 Rxb1 29.Rxb1 Qf6  1/2-1/2

[Event "1st Open"]
[Site "Paleochora GRE"]
[Date "2008.07.22"]
[Round "3"]
[White "Rietman,F"]
[Black "Rakhmanov,Ale"]
[Result "0-1"]
[WhiteElo "2252"]
[BlackElo "2489"]

1.e4 e6 2.d4 d5 3.Nd2 Be7 4.Ngf3 Nf6 5.Bd3 c5 6.exd5 Qxd5 7.dxc5 Nbd7 8.Nb3 Nxc5
9.Nxc5 Qxc5 10.Qe2 O-O 11.Be3 Qc7 12.Bd4 Nd5 13.Be5 Qa5+ 14.c3 f6 15.Qe4 g6
16.Bd4 Nc7 17.Bc4 Qf5 18.Qe2 Bd7 19.Be3 Kg7 20.Nd4 Qa5 21.a4 Rfd8 22.O-O Qh5
23.Qxh5 gxh5 24.f4 f5 25.Rfe1 Bf6 26.Bf2 Re8 27.Re2 Re7 28.Rae1 Rae8 29.a5 a6
30.Nb3 Bc6 31.Nc5 Kf7 32.Nd3 Nd5 33.Ne5+ Bxe5 34.Rxe5 Rg8 35.Bh4 Ree8 36.R1e2 h6
37.Kf1 Bb5 38.Bxb5 axb5 39.Rf2 Ra8 40.b4 Rac8 41.Rf3 Nxc3 42.Bf2 Nd5 43.Bc5 Rg4
44.g3 h4 45.Re2 h5 46.Ra2 Ra8 47.Rc2 hxg3 48.hxg3 h4 49.gxh4 Rxh4 50.Bd6 Rd8
51.Be5 Rg8 52.Rc5 Rh1+ 53.Ke2 Rg2+ 54.Rf2 Rxf2+ 55.Kxf2 Rb1 56.Rxb5 Rxb4
57.Rxb4 Nxb4 58.Bc3 Nd5 59.Bd2 Ke7 60.Ke2 Kd6 61.Kd3 Kc5 62.Kc2 Kc4  0-1

[Event "Dutch Open"]
[Site "Dieren NED"]
[Date "2008.07.23"]
[Round "2"]
[White "Van den Dikkenberg,E"]
[Black "Kampman,T"]
[Result "1-0"]
[WhiteElo "2131"]
[BlackElo "1980"]

1.e4 e6 2.d4 d5 3.Nd2 Nc6 4.Ngf3 Nf6 5.e5 Nd7 6.c3 f6 7.exf6 Qxf6 8.Bb5 Bd6
9.O-O O-O 10.Qe2 e5 11.Bxc6 bxc6 12.dxe5 Nxe5 13.Nxe5 Qxe5 14.Qxe5 Bxe5 15.Nf3 Bd6
16.Bg5 Bd7 17.Rfe1 Rae8 18.Bh4 Rxe1+ 19.Rxe1 Rb8 20.b3 Re8 21.Rxe8+ Bxe8
22.Bg3 c5 23.Bxd6 cxd6 24.Kf1 a5 25.Ke2 Bh5 26.Ke3 Bxf3 27.Kxf3 Kf7 28.Ke3 Ke6
29.f4 h5 30.g3 Kf5 31.a4 Ke6 32.h3 Kf5 33.b4 axb4 34.cxb4 d4+ 35.Kd3 c4+
36.Kxd4  1-0

[Event "XXVI Andorra Open"]
[Site "La Massana AND"]
[Date "2008.07.24"]
[Round "6"]
[White "Burg,T"]
[Black "Rodshtein,M"]
[Result "0-1"]
[WhiteElo "2359"]
[BlackElo "2605"]

1.e4 e6 2.d4 d5 3.Nd2 Be7 4.Bd3 c5 5.dxc5 Nf6 6.Ngf3 O-O 7.O-O a5 8.c3 Nc6
9.e5 Nd7 10.Qe2 Nxc5 11.Bb5 Na7 12.a4 Nxb5 13.axb5 Bd7 14.Nd4 a4 15.f4 Qb6
16.N2f3 Ra5 17.h3 g6 18.Qe3 f5 19.c4 Rc8 20.cxd5 exd5 21.e6 Nxe6 22.Nxe6 Qxe6
23.Qxe6+ Bxe6 24.g4 Bf6  0-1

[Event "III Open"]
[Site "Oviedo ESP"]
[Date "2008.07.24"]
[Round "2"]
[White "Guerrero Olmos,S"]
[Black "Chakhoyan,Ko"]
[Result "1-0"]
[WhiteElo "2325"]
[BlackElo "2047"]

1.e4 e6 2.d4 d5 3.Nd2 Nc6 4.Ngf3 Nf6 5.e5 Nd7 6.g3 Be7 7.Bg2 b6 8.O-O Ba6
9.Re1 Na5 10.Nf1 c5 11.Bd2 Nc4 12.Bc3 Qc7 13.Rc1 O-O 14.b3 Na3 15.Bb2 c4
16.c3 Qc8 17.b4 Nb5 18.h4 Nc7 19.a4 Rd8 20.N1h2 Nf8 21.Ng4 Bb7 22.Qd2 Ne8
23.h5 h6 24.Ra1 Qd7 25.Qc2 a6 26.Bc1 Nh7 27.Bxh6 gxh6 28.Nxh6+ Kg7 29.Nxf7 Kxf7
30.Qxh7+ Kf8 31.h6 Bc6 32.Qg6 Bxb4 33.Ng5  1-0

[Event "19th Czech Chladek & Tintera A Open"]
[Site "Pardubice CZE"]
[Date "2008.07.24"]
[Round "7"]
[White "Varitski,I"]
[Black "Sochacki,W"]
[Result "0-1"]
[WhiteElo "2346"]
[BlackElo "2239"]

1.e4 e6 2.d4 d5 3.Nd2 Nc6 4.Ngf3 Nf6 5.e5 Nd7 6.Be2 Be7 7.Nf1 O-O 8.Ne3 f6
9.exf6 Nxf6 10.O-O Bd6 11.c4 b6 12.b3 Bb7 13.Bb2 Bf4  0-1

[Event "41st Festival MTO"]
[Site "Biel SUI"]
[Date "2008.07.25"]
[Round "5"]
[White "Mas,H"]
[Black "Bauer,Ch"]
[Result "0-1"]
[WhiteElo "2386"]
[BlackElo "2583"]

1.e4 e6 2.d4 d5 3.Nd2 Nc6 4.Ngf3 Nf6 5.e5 Nd7 6.Bd3 f6 7.Ng5 Ndxe5 8.dxe5 fxg5
9.Qh5+ g6 10.Bxg6+ Kd7 11.f4 gxf4 12.Bd3 Qe8 13.Qe2 Nb4 14.Nf3 Nxd3+ 15.Qxd3 Qg6
16.Qe2 Rg8 17.O-O b6 18.Nh4 Bc5+ 19.Kh1 Qe4 20.Qxe4 dxe4 21.Bxf4 Ba6 22.Rfd1+ Ke7
23.g3 Raf8 24.Ng2 Be2 25.Rd2 Bf3 26.Re1 h5 27.h4 e3 28.Rde2 Rd8 29.Kh2 Bxe2
30.Rxe2 Rd2 31.Rxd2 exd2 32.Bxd2 Bd4 33.Nf4 Bxe5 34.Nxh5 Kf7 35.Kh3 Bxb2
36.g4 Rd8 37.Bf4 e5 38.Bg5 Rd1 39.Ng3 Bc1 40.Bxc1 Rxc1 41.g5 Rxc2 42.h5 Rc4
43.Nf5 Rf4 44.Nh6+ Kg7 45.Kg3 c5 46.Ng4 Rf5 47.Kh4 c4 48.g6 c3 49.Ne3 Rf3  0-1

[Event "ZMD Open"]
[Site "Dresden GER"]
[Date "2008.07.25"]
[Round "7"]
[White "Mamedov,Nid"]
[Black "Braun,Vi"]
[Result "1-0"]
[WhiteElo "2564"]
[BlackElo "2334"]

1.e4 e6 2.d4 d5 3.Nd2 Be7 4.Ngf3 Nf6 5.e5 Nfd7 6.Bd3 c5 7.c3 Nc6 8.O-O g5
9.dxc5 Ndxe5 10.Nxe5 Nxe5 11.Nb3 Nxd3 12.Qxd3 O-O 13.f4 a5 14.Qg3 a4 15.Nd4 Bxc5
16.fxg5 Bd6 17.Bf4 Ra6 18.Rae1 Qc7 19.Bxd6 Qxd6 20.Re5 Rb6 21.Rf2 Bd7 22.h4 Qc7
23.h5 Bc8 24.a3 Kh8 25.Qf4 Kg8 26.Qg3 Kh8 27.Rf6 Qd8 28.Qf2 Kg7 29.Nf5+ exf5
30.Qxb6 Be6 31.Rexe6 fxe6 32.Qxb7+ Kg8 33.h6  1-0

[Event "XXVI Andorra Open"]
[Site "La Massana AND"]
[Date "2008.07.25"]
[Round "7"]
[White "Llobel Cortell,E"]
[Black "Buchkremer,F"]
[Result "1/2-1/2"]
[WhiteElo "2393"]
[BlackElo "2069"]

1.e4 e6 2.d4 d5 3.Nd2 a6 4.Ngf3 Nf6 5.Bd3 c5 6.e5 Nfd7 7.c3 Nc6 8.O-O g5
9.dxc5 g4 10.Nd4 Ncxe5 11.Be2 Bxc5 12.Bxg4 Qh4 13.Be2 Rg8 14.f4 Qh3 15.Bf3 Nxf3+
16.Qxf3 Qxf3 17.Nxf3 Nf6 18.Be3 Bd7 19.Rfe1 Ne4 20.Nb3 Bxe3+ 21.Rxe3 f6 22.Nbd2 Nd6
23.Rae1 Kf7 24.Nd4 Rae8 25.Kf2 Rg7 26.R1e2 Reg8 27.Kf1 Re8 28.Kf2 Reg8 29.g3 Re8
30.Re1 Rgg8 31.Kg1 Re7 32.N4b3 b6 33.Nd4 Rge8 34.N4f3 Bb5 35.Nd4 Bd7 36.Nc2 a5
37.Rf3 Kg7 38.Rf2 e5 39.Rd1 Bg4 40.Re1 Bd7 41.fxe5 fxe5 42.Ne3 Bc6 43.Nf5+ Nxf5
44.Rxf5 d4 45.a3 d3 46.Rff1 e4 47.Re3 b5 48.Rf5 Re5 49.Rxe5 Rxe5 50.Kf2 Kf6
51.Re1 Rh5 52.h4 Rf5+ 53.Ke3 Ke5 54.Rg1 a4 55.Rc1 Bd5 56.Rg1 h5 57.Rg2 Rf7
58.Rg1 Rf8 59.Rg2 Rf7 60.Rg1 Rf8  1/2-1/2